[Event "I C.to Europeo"]
[Site "Saint Vincent - Chatillon ITA"]
[Date "2000.07.10"]
[Round "7"]
[White "Chernin, Alexander M."]
[Black "Bunzmann, Dimitrij"]
[Result "1-0"]
[WhiteElo "2572"]
[BlackElo "2484"]
[PlyCount "95"]
[EventDate "2000.07.03"]

1.c4 b6 2.d4 e6 3.a3 f5 4.Nc3 Nf6 5.Nh3 Bb7 6.f3 Bd6 7.e3 Nh5 8.g3 O-O 9.
Bg2 Nc6 10.f4 Nf6 11.b4 Qc8 12.O-O a5 13.b5 Ne7 14.Nf2 Bxg2 15.Kxg2 c6 16.
Qf3 Bc7 17.a4 Bd6 18.Bb2 Bb4 19.Rac1 c5 20.Ne2 d5 21.dxc5 Ne4 22.Nxe4 fxe4
23.Qf2 bxc5 24.g4 Qe8 25.cxd5 Nxd5 26.Ng3 Qg6 27.Qe2 Rad8 28.Kh1 Nf6 29.
Bxf6 Rxf6 30.Rfd1 Rff8 31.Rc4 Rd5 32.Rxe4 Rfd8 33.Rxd5 exd5 34.Re7 Qb1+ 
35.Kg2 c4 36.Rc7 Bd6 37.Rc6 Qb4 38.Qc2 Bf8 39.Nf5 Re8 40.Qd1 Qb2+ 41.Kg3 
Rd8 42.Qd4 Qe2 43.Rc7 Qe1+ 44.Kh3 Kh8 45.Rf7 Qf1+ 46.Kh4 Qe1+ 47.Kh5 Qh1 
48.Rxf8+ 1-0